Návrh optimální sítě kulturních zařízení v rámci okresu v působnosti národních výborů Dilčí výstup SPZV IX-8-2/02-E

Saved in:
Bibliographic Details
Main Author: Šimek, Milan
Format: Book
Language:Czech
Published: Praha Ústav pro výzkum kultury 1988
Tags: Add Tag
No Tags, Be the first to tag this record!

MARC

LEADER 00000nam a2200000 4500
001 c026574
005 20251111085442.9
041 0 |a cze 
044 |a CZ 
245 1 0 |a Návrh optimální sítě kulturních zařízení v rámci okresu v působnosti národních výborů  |b Dilčí výstup SPZV IX-8-2/02-E  |c Milan Šimek 
264 1 |a Praha  |b Ústav pro výzkum kultury  |c 1988 
300 |a 92 s. 
100 1 |a Šimek, Milan